Моя еврейская судьба (Запись № 957928)

Подробности
000 -МАРКЕР
контрольное поле 01173nam0a2200337 4500
001 - ИДЕНТИФИКАТОР ЗАПИСИ
контрольное поле RU\NLR\bibl\169590
005 - ИДЕНТИФИКАТОР ВЕРСИИ
контрольное поле 20260406061117.0
010 ## - МЕЖДУНАРОДНЫЙ СТАНДАРТНЫЙ НОМЕР КНИГИ (ISBN)
Номер (ISBN) 5-89394-052-0
Тираж 1000
021 ## - НОМЕР ГОСУДАРСТВЕННОЙ РЕГИСТРАЦИИ
Код страны российская федерация
Номер 2001-10727
Номер Листа государственной регистраци 509
035 ## - ДРУГИЕ СИСТЕМНЫЕ НОМЕРА
Идентификатор записи (NLR Aleph) 000166385
100 ## - ДАННЫЕ ОБЩЕЙ ОБРАБОТКИ
Данные общей обработки 20010525d2000 |||y0rusy50 ca
101 0# - ЯЗЫК РЕСУРСА
Язык текста, звукозаписи и т.д. русский
102 ## - СТРАНА ПУБЛИКАЦИИ ИЛИ ПРОИЗВОДСТВА
Страна публикации российская федерация
105 ## - ПОЛЕ КОДИРОВАННЫХ ДАННЫХ: ТЕКСТОВЫЕ МАТЕРИАЛЫ, МОНОГРАФИЧЕСКИЕ
Кодированные данные о монографическом текстовом документе a |||||||||
200 1# - ЗАГЛАВИЕ И СВЕДЕНИЯ ОБ ОТВЕТСТВЕННОСТИ
Основное заглавие Моя еврейская судьба
Сведения, относящиеся к заглавию [Роман. Повести]
Первые сведения об ответственности Шер
Последующие сведения об ответственности [Ил. авт.]
210 ## - ПУБЛИКАЦИЯ, РАСПРОСТРАНЕНИЕ И ДР.
Место издания, распространения и т.д. М.
Имя издателя, распространителя и т. д. Б.и.
Дата издания, распространения и т.д. 2000
215 ## - ФИЗИЧЕСКАЯ ХАРАКТЕРИСТИКА
Специфическое обозначение материала и объем 381,[1] с.
Другие сведения о физической характеристике ил.
Размеры 22
327 1# - ПРИМЕЧАНИЯ О СОДЕРЖАНИИ
Текст примечания Содерж.: Моя еврейская судьба: Роман; Повести: Линия жизни; Комната тихих игр; Конфетти
675 ## - УНИВЕРСАЛЬНАЯ ДЕСЯТИЧНАЯ КЛАССИФИКАЦИЯ (UDC/УДК)
Индекс 821.161.1-31Шер
Издание 3
Язык издания rus
686 ## - ИНДЕКСЫ ДРУГИХ КЛАССИФИКАЦИЙ
Индекс 17.82
Код системы
686 ## - ИНДЕКСЫ ДРУГИХ КЛАССИФИКАЦИЙ
Индекс 84(2Рос=Рус)6-44
Код системы
686 ## - ИНДЕКСЫ ДРУГИХ КЛАССИФИКАЦИЙ
Индекс Ш6(2=Р)75-440.4
700 #0 - ИМЯ ЛИЦА - ПЕРВИЧНАЯ ОТВЕТСТВЕННОСТЬ
Код отношения Автор
Материалы, к которым относится поле rus
Графика поля Кириллица
Начальный элемент ввода Шер
Дополнения к именам, кроме дат псевдоним
Даты 1958-
Идентификатор авторитетной/нормативной записи RU\NLR\AUTH\7711343
Системный номер авторитетной/нормативной записи 121093
801 #0 - ИСТОЧНИК ЗАПИСИ
Страна российская федерация
Организация RKP
Дата составления 20010525
Правила каталогизации PSBO
801 #1 - ИСТОЧНИК ЗАПИСИ
Страна российская федерация
Организация RKP
Дата составления 20010525
801 #2 - ИСТОЧНИК ЗАПИСИ
Страна российская федерация
Организация NLR
Дата составления 20130927
Правила каталогизации rcr
942 ## - ДОПОЛНИТЕЛЬНЫЕ ЭЛЕМЕНТЫ ЗАПИСИ (АБИС)
Тип экземпляра АБИС Книга
980 ## - КОЛЛЕКЦИЯ
Название коллекции Национальная библиография
Экземпляры
Тип экземпляра Дата поступления Источник поступления Стоимость Библиотека постоянного хранения Библиотека текущего хранения Место хранения Шифр хранения Штрих-код Статус не для выдачи
Книга 10.07.2001 Обязательный экземпляр   РНБ (Московский) РНБ (Московский) Русский книжный фонд: издания с 1957 года, 8этаж 2001-5/1855 139805  
Книга 10.07.2001 Обязательный экземпляр   РНБ (Московский) РНБ (Московский) Русский книжный фонд: издания с 1957 года, 8этаж 2001-5/1855 139806  
Книга 06.09.2006 Покупка 100.00 РНБ (Фонтанка) РНБ (Фонтанка) Юношеский читальный зал Ю С/Ш-49 1-350880